000 00290nam a22001097a 4500
041 _aeng
080 _a80
100 _aПрокопова, Л. І.
245 _aМетодика постановки німецької вимови в серед. шк..
650 _aGerman
999 _c280106
_d280106
942 _cBK